WSK nicknames Quiz Stats

 Plays Quiz not verified by Sporcle

Score 0/18 Timer 04:00
0 Plays Today
Person Nickname % Correct
Samuli TiitolaDon Tiitola
100%
Henri NyholmNyppe Nyymaister
91.7%
Paula NiemiDirty Paula
90.9%
Mikko LaitinenPilluhiiri
83.3%
Henrik WennmanRoisto Wennman
83.3%
Teemu Poussa Rehvi Teemu
66.7%
Juho AutioHeeroksen poika
66.7%
Sanni PääkkönenKiusallinen Pääkkönen
66.7%
Saara IsosomppiSompauttaja
58.3%
Person Nickname % Correct
Janita FrantsiFrench
58.3%
Mika HalonenDimitri
58.3%
Anni KinnunenAK-47
58.3%
Ville OksanenNiko Oksanen
58.3%
Olli VenäläinenAlli Tikkanen
58.3%
Melike BasaranogluEmre Belözoglu
50%
Jaakko HanhikoskiNilkki
41.7%
Vera PelkonenTylsä
33.3%
Miitta RiekkiHanuri
25%

You're not logged in!

Compare scores with friends on all Sporcle quizzes.
OR
Log In

You Might Also Like...

Show Comments

Extras

Created Dec 28, 2012ReportNominate
Tags:nickname, person

Top Quizzes Today


Score Distribution

Your Account Isn't Verified!

In order to create a playlist on Sporcle, you need to verify the email address you used during registration. Go to your Sporcle Settings to finish the process.

Report this User

Report this user for behavior that violates our Community Guidelines.

Details: